LEADER 00431nam0 22001691i 450 001 UON00199771 005 20231205103248.347 100 $a20030730f |0itac50 ba 101 $aeng 102 $aGB 105 $a|||| ||||| 200 1 $a Coldiers three$fR. Kipling. - 700 1$aKIPLING$bRudyard$3UONV039577$05091 801 $aIT$bSOL$c20240220$gRICA 912 $aUON00199771 996 $aColdiers three$91471535 997 $aUNIOR